[Event "Lloyds Bank Masters 08th"]
[Site "London, Park Lane Hotel"]
[Date "1984.08.25"]
[Round "4"]
[White "Toften, F."]
[Black "Martin, Andrew D"]
[Result "0-1"]
[WhiteElo "1925"]
[BlackElo "2445"]
[PlyCount "56"]
[EventDate "1984.08.22"]
[EventType "swiss"]
[EventRounds "9"]
[EventCountry "ENG"]
[SourceTitle "BritBase"]
[Source "John Saunders"]
[SourceDate "2021.06.18"]
[SourceVersion "1"]
[SourceVersionDate "2021.06.18"]
[SourceQuality "2"]

1. d4 Nf6 2. c4 g6 3. Nc3 d5 4. cxd5 Nxd5 5. e4 Nxc3 6. bxc3 Bg7 7. Bc4 c5 8.
Ne2 Nc6 9. Be3 O-O 10. O-O cxd4 11. cxd4 Bg4 12. f3 Na5 13. Bd3 Be6 14. d5 Bxa1
15. Qxa1 f6 16. Qd4 Bd7 17. Nf4 b6 18. Bd2 Qc7 19. Qb4 Qd6 20. Ba6 Bc8 21. Qb5
Bxa6 22. Qxa6 Rfc8 23. Ne6 Nc4 24. Rc1 b5 25. Qxd6 exd6 26. Bf4 a6 27. Nd4 Kf7
28. Kf1 g5 0-1

[Event "Lloyds Bank Masters 08th"]
[Site "London, Park Lane Hotel"]
[Date "1984.08.25"]
[Round "4"]
[White "Watson, William N"]
[Black "Jackson, Sheila"]
[Result "1-0"]
[WhiteElo "2450"]
[BlackElo "2190"]
[PlyCount "61"]
[EventDate "1984.08.22"]
[EventType "swiss"]
[EventRounds "9"]
[EventCountry "ENG"]
[SourceTitle "BritBase"]
[Source "John Saunders"]
[SourceDate "2021.06.18"]
[SourceVersion "1"]
[SourceVersionDate "2021.06.18"]
[SourceQuality "2"]

1. e4 e5 2. Nf3 Nc6 3. Bb5 a6 4. Ba4 Nf6 5. O-O Be7 6. Re1 b5 7. Bb3 d6 8. c3
O-O 9. h3 Nb8 10. d4 Nbd7 11. Nbd2 Bb7 12. Bc2 Re8 13. Nf1 d5 14. Nxe5 Nxe5 15.
dxe5 Nxe4 16. f3 Bc5+ 17. Be3 Bxe3+ 18. Nxe3 Nc5 19. f4 Qh4 20. Rf1 Ne6 21. Nf5
Qd8 22. Qg4 Kh8 23. Rad1 f6 24. Nh4 Kg8 25. Qh5 Nf8 26. Rd3 Qe7 27. Nf5 Qf7 28.
Nh6+ gxh6 29. Rg3+ Ng6 30. Bxg6 hxg6 31. Rxg6+ 1-0

[Event "Lloyds Bank Masters 08th"]
[Site "London, Park Lane Hotel"]
[Date "1984.08.25"]
[Round "4"]
[White "Wheeler, Mark"]
[Black "Barua, Dibyendu"]
[Result "0-1"]
[WhiteElo "2190"]
[BlackElo "2450"]
[PlyCount "62"]
[EventDate "1984.08.22"]
[EventType "swiss"]
[EventRounds "9"]
[EventCountry "ENG"]
[SourceTitle "BritBase"]
[Source "John Saunders"]
[SourceDate "2021.06.18"]
[SourceVersion "1"]
[SourceVersionDate "2021.06.18"]
[SourceQuality "2"]

1. d4 d5 2. c4 dxc4 3. e3 Nf6 4. Bxc4 g6 5. Nc3 Bg7 6. Nge2 O-O 7. O-O Nfd7 8.
e4 Nb6 9. Bb3 Nc6 10. Be3 e5 11. d5 Na5 12. Rc1 Nbc4 13. Bc5 Nd6 14. Ba4 Nac4
15. b3 Nb2 16. Qc2 Nxa4 17. Nxa4 Bd7 18. Nb2 Re8 19. Nc4 Rc8 20. Qb2 Nxe4 21.
Bxa7 b6 22. d6 Nxd6 23. Nxd6 cxd6 24. Rxc8 Bxc8 25. Rc1 Ba6 26. Nc3 Re7 27.
Bxb6 Qxb6 28. Nd5 Qd8 29. Nxe7+ Qxe7 30. Qa3 Bb7 31. Qa7 Qg5 0-1

[Event "Lloyds Bank Masters 08th"]
[Site "London, Park Lane Hotel"]
[Date "1984.08.26"]
[Round "5"]
[White "Arkell, Keith C"]
[Black "Anderton, David William"]
[Result "1-0"]
[WhiteElo "2345"]
[BlackElo "2250"]
[PlyCount "61"]
[EventDate "1984.08.22"]
[EventType "swiss"]
[EventRounds "9"]
[EventCountry "ENG"]
[SourceTitle "BritBase"]
[Source "John Saunders"]
[SourceDate "2020.09.07"]
[SourceVersion "1"]
[SourceVersionDate "2020.09.07"]
[SourceQuality "2"]

1. d4 Nf6 2. Nf3 d5 3. Bf4 c6 4. c3 g6 5. e3 Bg7 6. h3 Nbd7 7. Nbd2 O-O 8. Be2
Ne8 9. O-O f6 10. c4 e6 11. e4 Nb6 12. Qb3 h6 13. Bd3 Kh7 14. Rfe1 f5 15. exd5
(15. exf5 exf5 {, etc, is given in Big Database 2020.}) 15... exd5 16. c5 Nd7
17. Ne5 Ndf6 18. Qc2 Nc7 19. Bh2 Ne4 20. f3 Ng5 21. h4 Nge6 22. h5 Nxd4 23.
hxg6+ Kg8 24. Qd1 f4 25. Nb3 Nxb3 26. Qxb3 Qg5 27. Nf7 Bd4+ 28. Kh1 Rxf7 29.
gxf7+ Kxf7 30. Qb4 Be3 31. Rxe3 {Amended 4 July 2021} 1-0

[Event "Lloyds Bank Masters 08th"]
[Site "London, Park Lane Hotel"]
[Date "1984.08.26"]
[Round "5"]
[White "Chandler, Murray G"]
[Black "Anand, Viswanathan"]
[Result "1-0"]
[WhiteElo "2540"]
[BlackElo "2345"]
[PlyCount "75"]
[EventDate "1984.08.22"]
[EventType "swiss"]
[EventRounds "9"]
[EventCountry "ENG"]
[SourceTitle "BritBase"]
[Source "John Saunders"]
[SourceDate "2021.06.18"]
[SourceVersion "1"]
[SourceVersionDate "2021.06.18"]
[SourceQuality "2"]

1. e4 c5 2. Nf3 Nc6 3. d4 cxd4 4. Nxd4 Nf6 5. Nc3 d6 6. Bg5 e6 7. Qd2 a6 8.
O-O-O h6 9. Be3 Be7 10. Be2 Bd7 11. f4 b5 12. Bf3 Rc8 13. Nb3 Na5 14. Nxa5 Qxa5
15. Kb1 b4 16. Ne2 Bc6 17. Ng3 O-O 18. Bd4 d5 19. e5 Ne4 20. Bxe4 dxe4 21. Qe2
Bd5 22. b3 f5 23. exf6 Bxf6 24. Bxf6 Rxf6 25. Rhf1 Rcf8 26. Qe3 Qc7 27. f5 Qb7
28. fxe6 Rxf1 29. Nxf1 Bxe6 30. Ng3 Bd5 31. Qc5 Bf7 32. Nf5 Qb5 33. Qxb5 axb5
34. Rd4 Re8 35. Ne3 Bg6 36. Rxb4 Rf8 37. Rxb5 Rf2 38. Rc5 1-0

[Event "Lloyds Bank Masters 08th"]
[Site "London, Park Lane Hotel"]
[Date "1984.08.26"]
[Round "5"]
[White "Davies, Nigel Rodney"]
[Black "Jacobs, Byron A"]
[Result "1/2-1/2"]
[WhiteElo "2340"]
[BlackElo "2280"]
[PlyCount "145"]
[EventDate "1984.08.22"]
[EventType "swiss"]
[EventRounds "9"]
[EventCountry "ENG"]
[SourceTitle "BritBase"]
[Source "John Saunders"]
[SourceDate "2021.06.18"]
[SourceVersion "1"]
[SourceVersionDate "2021.06.18"]
[SourceQuality "2"]

1. g3 e5 2. Bg2 Nc6 3. c4 d6 4. Nc3 Be6 5. d3 Qd7 6. Rb1 a5 7. a3 g6 8. b4 axb4
9. axb4 Bg7 10. b5 Nd8 11. Nd5 h6 12. e4 Ne7 13. Ne2 Nxd5 14. cxd5 Bh3 15. O-O
h5 16. f3 Bxg2 17. Kxg2 h4 18. g4 h3+ 19. Kh1 f5 20. gxf5 gxf5 21. Ng3 f4 22.
Nf5 Bf6 23. Rg1 Ra2 24. b6 c5 25. Rg6 Kf7 26. Qg1 Rg2 27. Rxg2 hxg2+ 28. Qxg2
Rh5 29. Bd2 Rxf5 30. exf5 Qxf5 31. Qe2 Ke7 32. Qe4 Qg5 33. Rg1 Qh4 34. Be1 Qh3
35. Bd2 Kd7 36. Rg2 Nf7 37. Qg6 Ke7 38. Qg4 Qxg4 39. Rxg4 Ng5 40. Kg2 Kf7 41.
h4 Nh7 42. Kh3 Bd8 43. Rg1 Nf6 44. Ra1 Bxb6 45. Ba5 Bxa5 46. Rxa5 Nxd5 47. Ra7
Kg6 48. Rxb7 Ne3 49. Rb8 Nf5 50. Rg8+ Kh6 51. Rd8 Kg6 52. Rh8 Nh6 53. Rf8 Nf5
54. Rd8 Kh6 55. Rg8 Ne3 56. Rh8+ Kg6 57. h5+ Kg5 58. h6 Kg6 59. h7 d5 60. Re8
Kxh7 61. Rxe5 Kg6 62. Kh4 Kf6 63. Re8 c4 64. dxc4 dxc4 65. Rc8 Ke5 66. Kg5 Kd4
67. Kxf4 c3 68. Ra8 Nd5+ 69. Kf5 c2 70. Ra1 Nc3 71. Rc1 Kd3 72. f4 Ne2 73. Rxc2
1/2-1/2

[Event "Lloyds Bank Masters 08th"]
[Site "London, Park Lane Hotel"]
[Date "1984.08.26"]
[Round "5"]
[White "Fernandes, Antonio ETG"]
[Black "Rechlis, Gad"]
[Result "1-0"]
[WhiteElo "2400"]
[BlackElo "2305"]
[PlyCount "132"]
[EventDate "1984.08.22"]
[EventType "swiss"]
[EventRounds "9"]
[EventCountry "ENG"]
[SourceTitle "BritBase"]
[Source "John Saunders"]
[SourceDate "2021.06.18"]
[SourceVersion "1"]
[SourceVersionDate "2021.06.18"]
[SourceQuality "2"]

1. d4 Nf6 2. Bg5 c5 3. Bxf6 gxf6 4. c3 Qb6 5. Qd2 d5 6. e3 Nc6 7. Nf3 Bg4 8.
Be2 e6 9. O-O O-O-O 10. Qc2 h5 11. Nbd2 Kb8 12. Rac1 h4 13. Qa4 f5 14. Bb5 Rc8
15. h3 Bxf3 16. Nxf3 Bd6 17. c4 dxc4 18. dxc5 Bxc5 19. Bxc6 Qxc6 20. Qxc6 Rxc6
21. Ne5 Rc7 22. Rxc4 Rhc8 23. Rfc1 Bd6 24. Rxc7 Bxc7 25. Nd7+ Ka8 26. Kf1 b5
27. Ne5 Kb7 28. Nxf7 Rg8 29. f4 Re8 30. Ke2 Re7 31. Ng5 e5 32. fxe5 Bxe5 33.
Nf3 f4 34. Nxe5 Rxe5 35. Rc3 b4 36. Rd3 Kc6 37. Kf2 Rc5 38. Rd2 fxe3+ 39. Kxe3
Ra5 40. b3 Rg5 41. Kf3 Rg3+ 42. Kf2 Rc3 43. Rd4 Rc2+ 44. Kf3 a5 45. Rxh4 Rxa2
46. Re4 Ra3 47. Re3 Kb5 48. Kf4 a4 49. bxa4+ Kxa4 50. Re8 Rc3 51. Ra8+ Kb5 52.
h4 Rc4+ 53. Kg5 Rc5+ 54. Kg4 Rc4+ 55. Kh3 b3 56. Rb8+ Ka4 57. h5 Rb4 58. Ra8+
Kb5 59. Ra1 b2 60. Rb1 Kc5 61. g4 Kd5 62. h6 Ke6 63. h7 Rb8 64. Rxb2 Rh8 65.
Kh4 Rxh7+ 66. Kg5 Rg7+ 1-0

[Event "Lloyds Bank Masters 08th"]
[Site "London, Park Lane Hotel"]
[Date "1984.08.26"]
[Round "5"]
[White "Khadilkar, Rohini"]
[Black "Norgaard, Jesper"]
[Result "1-0"]
[WhiteElo "2115"]
[BlackElo "2315"]
[PlyCount "51"]
[EventDate "1984.08.22"]
[EventType "swiss"]
[EventRounds "9"]
[EventCountry "ENG"]
[SourceTitle "BritBase"]
[Source "John Saunders"]
[SourceDate "2021.06.18"]
[SourceVersion "1"]
[SourceVersionDate "2021.06.18"]
[SourceQuality "2"]

1. e4 e5 2. Nf3 Nc6 3. Bb5 a6 4. Ba4 Nf6 5. d4 exd4 6. O-O Be7 7. Re1 O-O 8. e5
Ne8 9. c3 b5 10. Bc2 dxc3 11. Nxc3 d6 12. exd6 Nxd6 13. Nd5 Bf6 14. a4 Bb7 15.
Ra3 Na5 16. Nxf6+ Qxf6 17. Ng5 g6 18. Rh3 h5 19. Nh7 Qg7 20. Nxf8 Qxf8 21. Bd2
Nc6 22. Bc3 b4 23. Qxh5 gxh5 24. Rg3+ Qg7 25. Bxg7 h4 26. Rg5 1-0

[Event "Lloyds Bank Masters 08th"]
[Site "London, Park Lane Hotel"]
[Date "1984.08.26"]
[Round "5"]
[White "Kudrin, Sergey"]
[Black "Conquest, Stuart"]
[Result "1-0"]
[WhiteElo "2550"]
[BlackElo "2300"]
[PlyCount "59"]
[EventDate "1984.08.22"]
[EventType "swiss"]
[EventRounds "9"]
[EventCountry "ENG"]
[SourceTitle "BritBase"]
[Source "John Saunders"]
[SourceDate "2021.06.18"]
[SourceVersion "1"]
[SourceVersionDate "2021.06.18"]
[SourceQuality "2"]

1. e4 c5 2. Nf3 d6 3. d4 cxd4 4. Nxd4 Nf6 5. Nc3 e5 6. Bb5+ Nbd7 7. Nf5 a6 8.
Bxd7+ Qxd7 9. Ne3 Qc6 10. Qf3 b5 11. O-O Bb7 12. Ncd5 Nxd5 13. Nxd5 Qxc2 14.
Bg5 Bxd5 15. exd5 f6 16. Rac1 Qg6 17. Bd2 Be7 18. Rc7 Kf7 19. Qh3 Rhe8 20. Qe6+
Kf8 21. f4 Qd3 22. fxe5 Qd4+ 23. Kh1 Qxe5 24. Re1 Qxe6 25. Rxe6 a5 26. g4 b4
27. Bf4 Rab8 28. Rexe7 Rxe7 29. Bxd6 Rbe8 30. Kg2 1-0

[Event "Lloyds Bank Masters 08th"]
[Site "London, Park Lane Hotel"]
[Date "1984.08.26"]
[Round "5"]
[White "Lawton, Geoffrey W"]
[Black "Hawkes, Rob"]
[Result "1/2-1/2"]
[WhiteElo "2385"]
[BlackElo "2365"]
[PlyCount "54"]
[EventDate "1984.08.22"]
[EventType "swiss"]
[EventRounds "9"]
[EventCountry "ENG"]
[SourceTitle "BritBase"]
[Source "John Saunders"]
[SourceDate "2021.06.18"]
[SourceVersion "1"]
[SourceVersionDate "2021.06.18"]
[SourceQuality "2"]

1. e4 g6 2. d4 Bg7 3. Nc3 d6 4. Nf3 a6 5. a4 Bg4 6. Be3 Nc6 7. d5 Ne5 8. Be2
Nxf3+ 9. Bxf3 Bxf3 10. Qxf3 Bxc3+ 11. bxc3 a5 12. c4 b6 13. Bd4 f6 14. Qd3 Nh6
15. f4 Nf7 16. O-O O-O 17. Rfe1 Qd7 18. e5 fxe5 19. fxe5 dxe5 20. Bxe5 Nxe5 21.
Rxe5 Rf6 22. Rae1 Qxa4 23. Rxe7 Qb4 24. Qh3 Qc5+ 25. R1e3 h5 26. Qg3 Raf8 27.
h3 R8f7 1/2-1/2

[Event "Lloyds Bank Masters 08th"]
[Site "London, Park Lane Hotel"]
[Date "1984.08.26"]
[Round "5"]
[White "Levitt, Jonathan"]
[Black "Miles, Anthony John"]
[Result "1/2-1/2"]
[WhiteElo "2370"]
[BlackElo "2565"]
[PlyCount "96"]
[EventDate "1984.08.22"]
[EventType "swiss"]
[EventRounds "9"]
[EventCountry "ENG"]
[SourceTitle "BritBase"]
[Source "John Saunders"]
[SourceDate "2021.06.18"]
[SourceVersion "1"]
[SourceVersionDate "2021.06.18"]
[SourceQuality "2"]

1. d4 Nf6 2. c4 e6 3. Nf3 b6 4. Nc3 Bb7 5. a3 d5 6. cxd5 Nxd5 7. Bd2 Nd7 8. Qc2
N5f6 9. Rd1 c5 10. e4 cxd4 11. Nxd4 a6 12. f3 Qc7 13. Nb1 Qe5 14. Bc3 Rc8 15.
Qd2 Qb8 16. Be2 Be7 17. O-O O-O 18. Kh1 Rfd8 19. Qe3 Bd6 20. g3 h6 21. Rfe1 Nc5
22. b4 Na4 23. Ba1 b5 24. Nb3 Be5 25. Rxd8+ Rxd8 26. Nc3 Nxc3 27. Bxc3 Nd7 28.
Rd1 Bc7 29. Kg2 e5 30. Nc5 Nxc5 31. Qxc5 f6 32. Rd2 Kh7 33. Bd1 Rxd2+ 34. Bxd2
Qd8 35. Qc3 Bb6 36. Bb3 Bd4 37. Qd3 Qb6 38. Bc3 Bg1 39. Qd2 Bc8 40. Bd5 Qa7 41.
Qe2 h5 42. Be1 Qd4 43. h4 Be3 44. Bf2 Bh3+ 45. Kxh3 Bxf2 46. f4 Kh6 47. fxe5
fxe5 48. Qf3 Qe3 1/2-1/2

[Event "Lloyds Bank Masters 08th"]
[Site "London, Park Lane Hotel"]
[Date "1984.08.26"]
[Round "5"]
[White "Pasman, Michael"]
[Black "Adams, Michael"]
[Result "0-1"]
[WhiteElo "2310"]
[BlackElo "2130"]
[PlyCount "83"]
[EventDate "1984.08.22"]
[EventType "swiss"]
[EventRounds "9"]
[EventCountry "ENG"]
[SourceTitle "BritBase"]
[Source "John Saunders"]
[SourceDate "2021.06.18"]
[SourceVersion "1"]
[SourceVersionDate "2021.06.18"]
[SourceQuality "2"]

1. e4 c6 2. c4 d5 3. exd5 cxd5 4. cxd5 Nf6 5. Nc3 Nxd5 6. d4 Nc6 7. Nf3 e6 8.
Bd3 Be7 9. O-O O-O 10. Re1 Bf6 11. Be4 Nce7 12. a3 Rb8 13. h4 b6 14. Qd3 g6 15.
h5 Bb7 16. Bh6 Re8 17. Rac1 Nxc3 18. bxc3 Bxe4 19. Rxe4 Nf5 20. Bf4 Rc8 21.
hxg6 hxg6 22. Be5 Bxe5 23. Nxe5 Qg5 24. Rd1 Kg7 25. Qf3 Rh8 26. Rg4 Qh5 27. Kf1
Nh6 28. Rf4 Qxf3 29. Rxf3 Rhd8 30. Rfd3 f6 31. Nf3 Rd5 32. Rc1 Nf5 33. Ke2 Nd6
34. Nd2 Nb5 35. Kd1 e5 36. a4 Nd6 37. Rb1 e4 38. Re3 f5 39. g3 g5 40. Rb4 Kg6
41. Kc2 Rc6 42. Re1 {time} 0-1

[Event "Lloyds Bank Masters 08th"]
[Site "London, Park Lane Hotel"]
[Date "1984.08.26"]
[Round "5"]
[White "Pein, Malcolm"]
[Black "De Firmian, Nick E"]
[Result "1-0"]
[WhiteElo "2280"]
[BlackElo "2475"]
[PlyCount "107"]
[EventDate "1984.08.22"]
[EventType "swiss"]
[EventRounds "9"]
[EventCountry "ENG"]
[SourceTitle "BritBase"]
[Source "John Saunders"]
[SourceDate "2020.09.07"]
[SourceVersion "1"]
[SourceVersionDate "2020.09.07"]
[SourceQuality "2"]

1. Nf3 c5 2. g3 Nc6 3. c4 e5 4. Nc3 g6 5. Bg2 Bg7 6. a3 a5 7. O-O d6 8. d3 Nge7
9. Rb1 O-O 10. Bg5 f6 11. Be3 Be6 12. Ne1 b6 13. Nd5 Rb8 14. Nc2 b5 15. cxb5
Bxd5 16. Bxd5+ Nxd5 17. bxc6 Qc7 18. Bd2 a4 19. e4 Ne7 20. Ne3 Qxc6 21. b4 axb3
22. Rxb3 f5 23. Qb1 Rbe8 24. Rb6 Qd7 25. Qb3+ Kh8 26. Rb7 Qc8 ({The bulletin
and Big Database 2020 both give} 26... Rc8 {but they are obviously in error.})
27. Nc4 f4 28. Nxd6 Qh3 29. Nf7+ Rxf7 30. Qxf7 f3 31. Qxf3 Rf8 32. Qg2 Qe6 33.
Rfb1 Nc6 34. Be3 c4 35. dxc4 Qxc4 36. Rc7 Qa4 37. Rbb7 Rd8 38. h3 Bf6 39. Qf3
Qd1+ 40. Qxd1 Rxd1+ 41. Kg2 Nd8 42. Rb6 Bg7 43. Rc8 h6 44. Rbb8 Bf6 45. Bb6 Kg7
46. Bxd8 Bxd8 47. Rxd8 Ra1 48. Rd7+ Kf6 49. h4 Ke6 50. Ra7 Kd6 51. Rb5 g5 52.
hxg5 hxg5 53. Ra6+ Kc7 54. Rxe5 {Amended 4 July 2021} 1-0

[Event "Lloyds Bank Masters 08th"]
[Site "London, Park Lane Hotel"]
[Date "1984.08.26"]
[Round "5"]
[White "Saeed, Saeed Ahmed"]
[Black "Norwood, David"]
[Result "0-1"]
[WhiteElo "2430"]
[BlackElo "2290"]
[PlyCount "50"]
[EventDate "1984.08.22"]
[EventType "swiss"]
[EventRounds "9"]
[EventCountry "ENG"]
[SourceTitle "BritBase"]
[Source "John Saunders"]
[SourceDate "2020.09.07"]
[SourceVersion "1"]
[SourceVersionDate "2020.09.07"]
[SourceQuality "2"]

1. d4 Nf6 2. c4 e6 3. Nf3 c5 4. d5 exd5 5. cxd5 d6 6. Nc3 g6 7. g3 Bg7 8. Bg2
O-O 9. O-O a6 10. a4 Nbd7 11. Nd2 Re8 12. h3 Rb8 13. Nc4 Ne5 14. Na3 Bd7 $6 {
"... an involuntary piece sacrifice in the opening" (John Nunn, BCM)} (14...
Nh5) 15. f4 Nh5 16. fxe5 Bxe5 17. g4 Ng3 18. Nc4 $2 (18. Rf2 b5 19. Nc2 b4 20.
Nb1 f5 {Norwood}) 18... Bxc3 19. bxc3 Bxg4 $1 20. Qd3 Nxe2+ 21. Kh2 ({Not} 21.
Kh1 {as given as move played in 2020 Big Database.}) 21... Nxc1 22. Qc2 Be2 23.
Rf4 Nd3 24. Re4 Rxe4 25. Bxe4 Nf4 {Amended 4 July 2021.} 0-1

[Event "Lloyds Bank Masters 08th"]
[Site "London, Park Lane Hotel"]
[Date "1984.08.26"]
[Round "5"]
[White "Savereide, Diane"]
[Black "Hansson, Dan"]
[Result "0-1"]
[WhiteElo "2230"]
[BlackElo "2305"]
[PlyCount "97"]
[EventDate "1984.08.22"]
[EventType "swiss"]
[EventRounds "9"]
[EventCountry "ENG"]
[SourceTitle "BritBase"]
[Source "John Saunders"]
[SourceDate "2021.06.18"]
[SourceVersion "1"]
[SourceVersionDate "2021.06.18"]
[SourceQuality "2"]

1. e4 c5 2. Nf3 d6 3. d4 cxd4 4. Nxd4 Nf6 5. Nc3 a6 6. Bc4 e6 7. Bb3 b5 8. O-O
Be7 9. f4 O-O 10. e5 dxe5 11. fxe5 Nfd7 12. Be3 Nxe5 13. Qh5 Nc4 14. Bxc4 bxc4
15. Rf3 g6 16. Qe5 Qd7 17. Ne4 f5 18. Nc5 Qd6 19. Qxd6 Bxd6 20. Ncxe6 Re8 21.
Ng5 h6 22. Nh3 Bb7 23. Bxh6 Bxf3 24. Nxf3 Nc6 25. Nf4 Bxf4 26. Bxf4 Rad8 27.
Kf2 Re4 28. Bd2 Nd4 29. Nxd4 Rexd4 30. Ba5 Rd1 31. Rxd1 Rxd1 32. Ke2 Rg1 33.
Kf3 Kf7 34. Bd2 Rb1 35. Bc3 Rc1 36. h3 Rxc2 37. Bh8 Rc1 38. Bc3 Rf1+ 39. Ke2
Ra1 40. a3 Rg1 41. Kf2 Rh1 42. Kf3 g5 43. Bd4 Rd1 44. Bc3 Rd3+ 45. Kf2 Ke6 46.
Bh8 {Black's move missing from the score - assume...} f4 {and the game
continues} 47. Bc3 Kd5 48. Be1 Ke4 49. Bc3 0-1

[Event "Lloyds Bank Masters 08th"]
[Site "London, Park Lane Hotel"]
[Date "1984.08.26"]
[Round "5"]
[White "Shvidler, Eliahu"]
[Black "Watson, William N"]
[Result "1-0"]
[WhiteElo "2430"]
[BlackElo "2450"]
[PlyCount "83"]
[EventDate "1984.08.22"]
[EventType "swiss"]
[EventRounds "9"]
[EventCountry "ENG"]
[SourceTitle "BritBase"]
[Source "John Saunders"]
[SourceDate "2021.06.18"]
[SourceVersion "1"]
[SourceVersionDate "2021.06.18"]
[SourceQuality "2"]

1. c4 g6 2. Nc3 Bg7 3. g3 e5 4. Bg2 d6 5. d3 Nf6 6. e4 c6 7. Nge2 Be6 8. O-O
Qd7 9. Bg5 h6 10. Bxf6 Bxf6 11. b3 h5 12. f4 Bg4 13. f5 Bg5 14. h3 Be3+ 15. Kh2
Na6 16. Rb1 f6 17. b4 g5 18. Qe1 Bxe2 19. Qxe2 Bd4 20. Qd2 h4 21. g4 O-O 22.
Ne2 c5 23. a3 Rab8 24. Qa2 Qa4 25. b5 Nc7 26. Nxd4 exd4 27. b6 Na8 28. bxa7
Qxa7 29. Rb3 Nb6 30. e5 dxe5 31. Rfb1 Na4 32. Rxb7 Nc3 33. Rxa7 Nxa2 34. Rb5
Nc3 35. Rxc5 Rf7 36. Rxf7 Kxf7 37. Rc7+ Kf8 38. c5 Rb2 39. c6 e4 40. dxe4 d3
41. Rd7 d2 42. c7 {time} 1-0

[Event "Lloyds Bank Masters 08th"]
[Site "London, Park Lane Hotel"]
[Date "1984.08.26"]
[Round "5"]
[White "Strauss, David J"]
[Black "Reefschlaeger, Helmut"]
[Result "1/2-1/2"]
[WhiteElo "2425"]
[BlackElo "2410"]
[PlyCount "46"]
[EventDate "1984.08.22"]
[EventType "swiss"]
[EventRounds "9"]
[EventCountry "ENG"]
[SourceTitle "BritBase"]
[Source "John Saunders"]
[SourceDate "2021.06.18"]
[SourceVersion "1"]
[SourceVersionDate "2021.06.18"]
[SourceQuality "2"]

1. Nf3 d5 2. d4 Nf6 3. c4 c6 4. e3 e6 5. Nbd2 Nbd7 6. Bd3 Bd6 7. O-O O-O 8. e4
dxe4 9. Nxe4 Nxe4 10. Bxe4 f5 11. Bc2 c5 12. Re1 Nf6 13. dxc5 Bxc5 14. Be3 Bxe3
15. Rxe3 Qc7 16. Qd4 b6 17. Rd1 Ba6 18. Rxe6 Bxc4 19. Rd6 Be2 20. Rc1 Kh8 21.
Ne5 Rae8 22. f4 Bb5 23. h3 Rc8 1/2-1/2

[Event "Lloyds Bank Masters 08th"]
[Site "London, Park Lane Hotel"]
[Date "1984.08.26"]
[Round "5"]
[White "Teichmann, Erik Oskar Michael"]
[Black "Hartston, William Roland"]
[Result "0-1"]
[WhiteElo "2285"]
[BlackElo "2440"]
[PlyCount "42"]
[EventDate "1984.08.22"]
[EventType "swiss"]
[EventRounds "9"]
[EventCountry "ENG"]
[SourceTitle "BritBase"]
[Source "John Saunders"]
[SourceDate "2021.06.18"]
[SourceVersion "1"]
[SourceVersionDate "2021.06.18"]
[SourceQuality "2"]

1. d4 Nf6 2. c4 c5 3. d5 g6 4. Nc3 d6 5. e4 Bg7 6. Be2 O-O 7. Nf3 e6 8. O-O Re8
9. Nd2 Na6 10. f4 exd5 11. cxd5 Rb8 12. Re1 h5 13. h3 Nc7 14. a4 b6 15. Rb1 Ba6
16. b3 Ng4 17. Bxa6 Bd4+ 18. Kf1 Qh4 19. Ke2 Qg3 20. Nf1 Qxg2+ 21. Kd3 Nf2+ 0-1

[Event "Lloyds Bank Masters 08th"]
[Site "London, Park Lane Hotel"]
[Date "1984.08.26"]
[Round "5"]
[White "Thipsay, Praveen Mahadeo"]
[Black "Waddingham, Graham A"]
[Result "1-0"]
[WhiteElo "2445"]
[BlackElo "2215"]
[PlyCount "31"]
[EventDate "1984.08.22"]
[EventType "swiss"]
[EventRounds "9"]
[EventCountry "ENG"]
[SourceTitle "BritBase"]
[Source "John Saunders"]
[SourceDate "2021.06.18"]
[SourceVersion "1"]
[SourceVersionDate "2021.06.18"]
[SourceQuality "2"]

1. e4 e5 2. Nf3 Nc6 3. Bb5 a6 4. Ba4 b5 5. Bb3 Bc5 6. c3 d6 7. d4 exd4 8. cxd4
Bb6 9. h3 Qf6 10. Be3 Nge7 11. Nc3 Bd7 12. O-O O-O 13. e5 Qf5 14. g4 Qg6 15.
Nh4 Bxg4 16. hxg4 1-0

[Event "Lloyds Bank Masters 08th"]
[Site "London, Park Lane Hotel"]
[Date "1984.08.26"]
[Round "5"]
[White "Wells, Peter K"]
[Black "Hebden, Mark L"]
[Result "1/2-1/2"]
[WhiteElo "2350"]
[BlackElo "2480"]
[PlyCount "94"]
[EventDate "1984.08.22"]
[EventType "swiss"]
[EventRounds "9"]
[EventCountry "ENG"]
[SourceTitle "BritBase"]
[Source "John Saunders"]
[SourceDate "2021.06.18"]
[SourceVersion "1"]
[SourceVersionDate "2021.06.18"]
[SourceQuality "2"]

1. d4 Nf6 2. Nf3 c5 3. d5 g6 4. Nc3 Bg7 5. e4 O-O 6. h3 d6 7. a4 Na6 8. Bc4 Nc7
9. O-O b6 10. Qe2 e6 11. dxe6 Bxe6 12. Bxe6 Nxe6 13. Rd1 Re8 14. e5 Nd4 15.
Nxd4 cxd4 16. Rxd4 Nd7 17. Rd1 Bxe5 18. Qf3 Rc8 19. Nb5 Rxc2 20. Qd3 Re2 21.
Be3 Rxb2 22. Nxd6 Bxd6 23. Qxd6 Rxe3 24. fxe3 Qg5 25. Qd5 Qxe3+ 26. Kh1 Nf6 27.
Qd8+ Kg7 28. Qd4 Qe2 29. Rg1 Rd2 30. Qc3 Rd3 31. Qe1 Qh5 32. Rf1 Qd5 33. Kg1
Ne4 34. Rd1 Qd4+ 35. Kh2 Nd2 36. Rg1 h5 37. Qe2 h4 38. Rge1 Qd5 39. Kg1 a6 40.
Rc1 Rd4 41. Rcd1 b5 42. axb5 axb5 43. Kh1 Nc4 44. Rxd4 Qxd4 45. Rb1 Qd5 46. Qf2
g5 47. Rf1 Nd6 1/2-1/2

[Event "Lloyds Bank Masters 08th"]
[Site "London, Park Lane Hotel"]
[Date "1984.08.26"]
[Round "5"]
[White "Zueger, Beat"]
[Black "Thomas, Ian L"]
[Result "1-0"]
[WhiteElo "2385"]
[BlackElo "2115"]
[PlyCount "49"]
[EventDate "1984.08.22"]
[EventType "swiss"]
[EventRounds "9"]
[EventCountry "ENG"]
[SourceTitle "BritBase"]
[Source "John Saunders"]
[SourceDate "2021.06.18"]
[SourceVersion "1"]
[SourceVersionDate "2021.06.18"]
[SourceQuality "2"]

1. c4 e5 2. Nc3 d6 3. g3 c6 4. Bg2 Be6 5. d3 Nd7 6. e4 f5 7. Nf3 Be7 8. O-O h6
9. d4 fxe4 10. Nxe4 Bxc4 11. Re1 Qc7 12. Nh4 Ngf6 13. Ng6 Rg8 14. b3 Be6 15.
Ba3 Nxe4 16. Bxe4 Bf6 17. d5 Bf7 18. dxc6 bxc6 19. Bxd6 Qb6 20. Rc1 Rc8 21. Bf5
Rd8 22. Qf3 Bd5 23. Nf4 Nf8 24. Nxd5 cxd5 25. Bxe5 1-0